| 000 | 00633nab#a2200217#c#4500 | ||
|---|---|---|---|
| 999 |
_c53499 _d53499 |
||
| 003 | IEF | ||
| 005 | 20191205104722.0 | ||
| 008 | 950704s1976 uuu|| #####0 b| |u | ||
| 040 |
_aIEF _cES-MaIEF |
||
| 100 | 1 |
_aÁlvarez Melcón, Sixto _91023 |
|
| 245 |
_aNota sobre prácticas contables de las empresas, seguidas en Europa _c Sixto Álvarez Melcón |
||
| 260 | _c1976 | ||
| 650 | 4 |
_aEMPRESAS _943504 |
|
| 650 | 4 |
_aCONTABILIDAD _940740 |
|
| 650 | 4 |
_aARMONIZACION _930755 |
|
| 650 | 4 |
_aCOMUNIDADES EUROPEAS _933607 |
|
| 773 | 0 |
_tHacienda pública española _w34570 _g39, p. 111-130 |
|
| 942 | _2udc | ||
| 942 | _2udc | ||